Orlando Magic All-Time Scoring Leaders - Statistics

General Stats
  • This quiz has been taken 40 times
  • The average score is 13 of 20
Answer Stats
Points Player % Correct
11435 Dwight Howard
100%
7018 Penny Hardaway
97%
8019 Shaquille O'Neal
97%
8298 Tracy McGrady
91%
7216 Hedo Turkoglu
86%
10650 Nick Anderson
86%
9180 Nikola Vucevic
83%
6603 Dennis Scott
77%
8184 Jameer Nelson
74%
4194 Rashard Lewis
74%
3280 Grant Hill
66%
4638 Horace Grant
63%
5082 Aaron Gordon
60%
6466 Evan Fournier
57%
4966 Scott Skiles
54%
5898 Darrell Armstrong
46%
3551 Victor Oladipo
31%
3662 J.J. Redick
14%
3800 Pat Garrity
11%
3433 Terry Catledge
9%
No matching quizzes found
Score Distribution
Percent of People with Each Score
Percentile by Number Answered
Your Score History
You have not taken this quiz